<?xml version="1.0" encoding="UTF-8"?>
<collection xmlns="http://www.loc.gov/MARC21/slim">
  <record>
    <leader>00000nam  2200000   4500</leader>
    <controlfield tag="001">INLIS000000000012037</controlfield>
    <controlfield tag="005">20220321014517</controlfield>
    <datafield tag="035" ind1="#" ind2="#">
      <subfield code="a">0010-0322000266</subfield>
    </datafield>
    <datafield tag="245" ind1="1" ind2="#">
      <subfield code="a">PENDATAAN PENDUDUK NONPERMANEN BIDANG PENGELOLAAN INFORMASI ADMINISTRASI KEPENDUDUKAN DAN PEMANFAATAN DATA DINAS KEPENDUDUKAN DAN PENCATATAN SIPIL KOTA BALIKAPAPAN /</subfield>
      <subfield code="c">MOCH. ICHWAN, SE.</subfield>
    </datafield>
    <datafield tag="100" ind1="1" ind2="#">
      <subfield code="a">ICHWAN, Moch</subfield>
    </datafield>
    <datafield tag="250" ind1="#" ind2="#">
      <subfield code="a">1</subfield>
    </datafield>
    <datafield tag="300" ind1="#" ind2="#">
      <subfield code="a">xvi, 61 halaman; lampiran :</subfield>
      <subfield code="b">ilustrasi ;</subfield>
      <subfield code="c">30 cm</subfield>
    </datafield>
    <datafield tag="260" ind1="#" ind2="#">
      <subfield code="a">Samarinda :</subfield>
      <subfield code="b">Puslatbang KDOD,</subfield>
      <subfield code="c">2021</subfield>
    </datafield>
    <datafield tag="084" ind1="#" ind2="#">
      <subfield code="a">PKA 064 2021</subfield>
    </datafield>
    <datafield tag="600" ind1="#" ind2="4">
      <subfield code="a">Proyek Perubahan</subfield>
    </datafield>
    <datafield tag="600" ind1="#" ind2="4">
      <subfield code="a">Administrator</subfield>
    </datafield>
    <datafield tag="600" ind1="#" ind2="4">
      <subfield code="a">sistem informasi</subfield>
    </datafield>
    <datafield tag="600" ind1="#" ind2="4">
      <subfield code="a">teknologi informasi</subfield>
    </datafield>
    <datafield tag="600" ind1="#" ind2="4">
      <subfield code="a">data penduduk</subfield>
    </datafield>
    <datafield tag="600" ind1="#" ind2="4">
      <subfield code="a">penduduk nonpermanen</subfield>
    </datafield>
    <datafield tag="520" ind1="#" ind2="#">
      <subfield code="a">Laporan proyek perubahan ini menjelaskan tentang pertumbuhan ekonomi dan  pertambahan penduduk kota Balikpapan sejak ditunjuknya Kabupaten Penajam Paser Utara dan Kabupaten Kutai Kartanegara sebagai ibukota Indonesia dimana Balikpapan menjadi kota penyangganya menjadikan data penduduk tinggal sementara (nonpermanen) masih belum mencerminkan data sebenarnya. Proyek perubahan ini akan meningkatkan efektifitas fungsi dari aplikasi Whatsapp yang dimiliki ketua RT Kota Balikpapan untuk dapat membantu mendata penduduk nonpermanen sehingga data kependudukan menjadi akurat mencakup seluruh penduduk di Kota Balikpapan</subfield>
    </datafield>
    <datafield tag="500" ind1="#" ind2="#">
      <subfield code="a">Coach : Veronika Hanna Naibaho&#13;
Penguji : Dr Mariman Darto, M.Si&#13;
Mentor : Hasbullah Helmi, AP.M.Si.</subfield>
    </datafield>
    <datafield tag="990" ind1="#" ind2="#">
      <subfield code="a">PKA/064/2021</subfield>
    </datafield>
  </record>
</collection>
